000 00291nam a2200133Ia 4500
100 _aMahahar Lotia
490 _v05-Aug
942 _cBK
654 _acolour
245 _aModern colour Television circuits
260 _bBPB
_aNew Delhi
_c2001
082 _a621.388
_bMAH
546 _aENGLISH
999 _c30530
_d30530